| 000 | 01334cam a2200385 i 4500 | ||
|---|---|---|---|
| 005 | 20260322212025.0 | ||
| 008 | data | ||
| 010 | _a 78051243 | ||
| 020 | _a0120487500 | ||
| 020 | _a9780120487509 | ||
| 040 | _dCtY-M | ||
| 050 | 0 |
_aRC425 _b.A43 |
|
| 060 | _aWL335 A333b | ||
| 096 | _aWL 335 A333b 1978 | ||
| 100 | 1 |
_aAlbert, Martin L., _d1939- |
|
| 245 | 1 | 4 |
_aThe bilingual brain : _bneuropsychological and neurolinguistic aspects of bilingualism / _cMartin L. Albert & Loraine K. Obler. |
| 260 | 0 |
_aNew York : _bAcademic Press, _c1978. |
|
| 300 |
_axi, 302 p. ; _c24 cm. |
||
| 490 | 0 | _aPerspectives in neurolinguistics and psycholinguistics | |
| 500 | _aIncludes indexes. | ||
| 504 | _aBibliography: p. 255-275. | ||
| 590 | _aBibliography: p. 255-275. | ||
| 590 | _aIncludes indexes. | ||
| 650 | 0 | _aAphasia. | |
| 650 | 0 |
_aBilingualism _xPhysiological aspects. |
|
| 650 | 0 |
_aBilingualism _xPsychological aspects. |
|
| 650 | 0 |
_aBrain _xLocalization of functions. |
|
| 650 | 2 | _aLanguage Development. | |
| 650 | 2 |
_aBrain _xphysiology. |
|
| 650 | 2 | _aNeurophysiology. | |
| 650 | 2 | _aPsycholinguistics. | |
| 700 | 1 | _aObler, Loraine K. | |
| 856 | 4 | 0 |
_uhttps://openlibrary.org/works/OL6811401W/The_bilingual_brain?edition=bilingualbrainne0000albe _yOnline access from the Open Library. _zRequires free sign up. |
| 001 | data | ||
| 999 |
_c559 _d559 |
||